Nichteuklidische Geometrie
Saved in:
| Main Author: | |
|---|---|
| Format: | Book |
| Language: | German |
| Published: |
Braunschweig :
Vieweg,
1954.
|
| Series: | Beihefte fur den mathematischen unterricht ;
4 |
| Subjects: | |
| Tags: |
Add Tag
No Tags, Be the first to tag this record!
|
MARC
| LEADER | 00000cam a2200000 i 4500 | ||
|---|---|---|---|
| 001 | 1/5760 | ||
| 008 | 100316s1954 gw | ||| |||| ||ger|| | ||
| 035 | |l 10107277 | ||
| 040 | |a GR-MyUa |b gre |e AACR2 | ||
| 041 | 0 | |a ger | |
| 082 | 7 | |a 516.9 |2 (22) | |
| 100 | 1 | |a Meschkowski, Herbert. | |
| 245 | 1 | 0 | |a Nichteuklidische Geometrie / |c Herbert Meschkowski. |
| 260 | |a Braunschweig : |b Vieweg, |c 1954. | ||
| 300 | |a 80 σ. : |b διαγρ. ; |c 21 εκ. | ||
| 490 | 1 | |a (Beihefte fur den mathematischen unterricht ; |v 4) | |
| 500 | |a Grundlagenprobleme der geometrie werden aufgezeigt und am Beispiel der nichteuklidischen Geometrie reizvoll entwickelt. | ||
| 504 | |a Βιβλιογραφία: σ. 79-80. | ||
| 505 | 8 | |a Mit 65 Abbildungen | |
| 650 | 0 | |a Geometry, Non-Euclidean. | |
| 767 | 0 | 8 | |i Μεταφρασμένο ως: |t Noneuclidean geometry / |
| 830 | 0 | |a Beihefte fur den mathematischen unterricht ; |v 4 | |
| 852 | |a INST |b SAMOS |c MAG |e 20100316 |h 516.9 MES |p 005300032157 |q 005300032157 |t BK |y 0 | ||
| 901 | |a BIBL3-2010-1 | ||
| 970 | |a ΣΙΤΖΙΜΗ |b ΓΙΑΣΕΜΗ |z 2010/03/16 | ||